| 000 | 00348nam a2200121 4500 | ||
|---|---|---|---|
| 999 |
_c9917 _d9917 |
||
| 008 | 180723b ||||| |||| 00| 0 eng d | ||
| 100 |
_929291 _aTejano, Ivy C. |
||
| 245 |
_aEastmincom to revive TF anti-terrorism/ _cIvy C. Tejano |
||
| 260 |
_aDavao City _bSun Star Davao _cc2016 |
||
| 300 | _apage 2. | ||
| 650 | 0 |
_929292 _aTerrorism. |
|
| 942 |
_2ddc _cPER |
||